[Event "AUTO-ELITE-514"]
[Site "http://www.queenalice.com/game.php?id=798666"]
[Date "2010.7.4"]
[Round "2"]
[White "Tsol"]
[Black "Pumuckel"]
[Result "1/2-1/2"]
[WhiteElo "2539"]
[BlackElo "2476"]

1. e4 c5 2. Nf3 Nc6 3. c3 Nf6 4. d4 cxd4 5. e5 Nd5 6. cxd4 d6 7. Bc4 Nb6 8. Bb5
dxe5 9. Nxe5 Bd7 10. Nxd7 Qxd7 11. Nc3 Rd8 12. O-O e6 13. Qb3 Be7 14. Be3 O-O
15. Rfd1 Nd5 16. Rac1 Nxe3 17. fxe3 Rc8 18. Na4 Bd6 19. g3 Qe7 20. Nc3 Rfd8 21.
Ne4 Nb4 22. Rxc8 Rxc8 23. Be2 Qc7 24. Nxd6 Qxd6 25. a3 Nd5 26. Qxb7 Rb8 27. Qxa7
Rxb2 28. Rf1 f5 29. Bh5 g6 30. Rc1 Ne7 31. Bf3 Rb3 32. Rc7 Kf8 33. Kf2 Qxa3 34.
Qxa3 Rxa3 35. Rc2 Kf7 1/2-1/2

[Event "AUTO-ELITE-514"]
[Site "http://www.queenalice.com/game.php?id=798667"]
[Date "2010.7.4"]
[Round "2"]
[White "Pumuckel"]
[Black "Tsol"]
[Result "1/2-1/2"]
[WhiteElo "2479"]
[BlackElo "2576"]

1. e4 e5 2. f4 d5 3. exd5 c6 4. Qe2 e4 5. d3 cxd5 6. dxe4 dxe4 7. Nc3 f5 8. Bd2
Nc6 9. O-O-O Nf6 10. Nh3 Bd7 11. Be3 Qa5 12. Qc4 h6 13. Be2 O-O-O 14. Nb5 Kb8
15. c3 Be7 16. Qb3 Rhf8 17. Nf2 Qa6 18. Kb1 b6 19. Rhe1 Na5 20. Qa4 Qb7 21. Qd4
Nc6 22. Qc4 Bc8 23. Rxd8 Rxd8 24. Rd1 a6 25. Rxd8 Nxd8 26. Nd4 Nd5 27. Nd1 b5
28. Qb3 g5 29. fxg5 hxg5 30. a4 f4 31. Bg1 b4 32. Bxa6 Qxa6 33. Qxd5 e3 34. Kc1
Bb7 35. Qe5+ Qd6 36. Qxd6+ Bxd6 37. Nxe3 fxe3 38. Bxe3 bxc3 39. bxc3 Bxh2 40.
Bxg5 Nf7 41. Be3 Bxg2 42. Kb1 Be4+ 43. Ka1 Bd5 44. Ne2 Bc7 45. Bf4 Nd6 46. Nc1
Kb7 47. Nd3 Bc4 48. Ne5 Be2 49. Ng6 Kc8 50. Nf8 Bc4 51. Bg3 Kd8 52. Ng6 Ke8 53.
Ne5 Bf1 54. Ng4 Kd7 55. Ne5+ Ke6 56. Nc6 Bg2 57. Nd4+ Kd7 58. Nb3 Bd8 59. Nc5+
Kc6 60. Bf2 Nc4 61. Bd4 1/2-1/2

[Event "AUTO-ELITE-513"]
[Site "http://www.queenalice.com/game.php?id=821702"]
[Date "2010.8.22"]
[Round "2"]
[White "Donidon"]
[Black "Pumuckel"]
[Result "0-1"]
[WhiteElo "2245"]
[BlackElo "2450"]

1. e4 e5 2. Nf3 Nc6 3. Bc4 Bc5 4. O-O Nf6 5. d3 d6 6. Bg5 h6 7. Bh4 Na5 8. Bb3
O-O 9. Nbd2 Nxb3 10. Nxb3 Bb6 11. a4 c6 12. a5 Bc7 13. h3 Be6 14. Qd2 Qe7 15. d4
g5 16. dxe5 Nxe4 17. exd6 Bxd6 18. Qe3 Bxb3 19. cxb3 f5 20. a6 b6 21. Nd4 Rae8
22. b4 c5 23. Nc6 Qd7 24. b5 Nd2 0-1

[Event "AUTO-ELITE-513"]
[Site "http://www.queenalice.com/game.php?id=821703"]
[Date "2010.8.22"]
[Round "2"]
[White "Pumuckel"]
[Black "Donidon"]
[Result "1-0"]
[WhiteElo "2464"]
[BlackElo "2267"]

1. d4 Nf6 2. Bg5 Ne4 3. Bf4 d5 4. e3 g5 5. Be5 Nf6 6. Nc3 Nc6 7. Bb5 Bg7 8. h4
g4 9. h5 h6 10. Nge2 O-O 11. Bxc6 bxc6 12. Qd2 Bf5 13. Ng3 Bh7 14. O-O-O a5 15.
Rh4 Qc8 16. b3 Rb8 17. f3 Rd8 18. Na4 Kf8 19. Qxa5 gxf3 20. gxf3 Ne8 21. Qc3 f6
22. Bf4 Nd6 23. e4 dxe4 24. fxe4 Kg8 25. Nc5 Ra8 26. a4 Kh8 27. Rf1 Rg8 28. Kb1
e6 29. Rg4 e5 30. Rxg7 exf4 31. Rxg8+ Qxg8 32. Rxf4 Qg5 33. Ne6 Qa5 34. Qxa5
Rxa5 35. Rxf6 Bxe4 36. Nxe4 Nxe4 37. Rxh6+ Kg8 38. Nxc7 Rg5 39. Rg6+ Rxg6 40.
hxg6 Kg7 41. a5 Nd6 42. a6 Nc8 43. d5 cxd5 44. Nxd5 Kxg6 45. Ne7+ 1-0

[Event "AUTO-MASTER-1063"]
[Site "http://www.queenalice.com/game.php?id=823512"]
[Date "2010.8.26"]
[Round "2"]
[White "Islander"]
[Black "Pumuckel"]
[Result "0-1"]
[WhiteElo "2253"]
[BlackElo "2477"]

1. e4 c5 2. Nc3 Nc6 3. Bb5 Nd4 4. Bc4 g6 5. Nf3 d6 6. Nxd4 cxd4 7. Qf3 Nf6 8.
Ne2 Bg7 9. h3 Qb6 10. c3 dxc3 11. bxc3 O-O 12. O-O Be6 13. Bd3 Nd7 14. Bc2 Qa5
15. Qe3 Nb6 16. Nd4 Bd7 17. Bb3 Rac8 18. Rb1 Bf6 19. Re1 Rc5 20. Bb2 Nc4 21. Qe2
Rfc8 22. Ba1 Na3 23. Rbd1 Kg7 24. Qf3 Ba4 25. Bb2 Nc4 26. Ba1 R5c7 27. Nc2 Bxb3
28. axb3 Qa2 0-1

[Event "AUTO-MASTER-1063"]
[Site "http://www.queenalice.com/game.php?id=823513"]
[Date "2010.8.26"]
[Round "2"]
[White "Pumuckel"]
[Black "Islander"]
[Result "1-0"]
[WhiteElo "2481"]
[BlackElo "2246"]

1. e4 Nf6 2. e5 Nd5 3. d4 d6 4. Nf3 dxe5 5. Nxe5 c6 6. Bd3 Nd7 7. O-O g6 8. Nf3
Bg7 9. c4 Nc7 10. Nc3 O-O 11. h3 c5 12. d5 b5 13. cxb5 Nb6 14. Be3 Ncxd5 15.
Nxd5 Qxd5 16. Qc2 Bb7 17. Rfd1 Qh5 18. Be4 Bxe4 19. Qxe4 Bxb2 20. Rab1 Bf6 21.
Kh2 Qf5 22. Qxf5 gxf5 23. Bxc5 Na4 24. Bd4 Bxd4 25. Rxd4 Nc3 26. Rb3 Rfc8 27.
Ne5 Rc7 28. Rc4 Rxc4 29. Nxc4 Nd5 30. Ne5 Rc8 31. Nc6 Rc7 32. Ra3 Rb7 33. Ra5
1-0

[Event "AUTO-MASTER-1053"]
[Site "http://www.queenalice.com/game.php?id=840984"]
[Date "2010.10.2"]
[Round "2"]
[White "Feijo"]
[Black "Pumuckel"]
[Result "0-1"]
[WhiteElo "2180"]
[BlackElo "2471"]

1. e4 e6 2. b3 d5 3. Bb2 dxe4 4. Nc3 Nf6 5. g4 Nc6 6. g5 Nd5 7. Nxe4 h6 8. gxh6
Rxh6 9. Qf3 a5 10. Bb5 Bd7 11. Ne2 Ncb4 12. Bd3 Nxd3+ 13. Qxd3 Nb4 14. Qc3 Ra6
0-1

[Event "AUTO-MASTER-1053"]
[Site "http://www.queenalice.com/game.php?id=840985"]
[Date "2010.10.2"]
[Round "2"]
[White "Pumuckel"]
[Black "Feijo"]
[Result "1-0"]
[WhiteElo "2477"]
[BlackElo "2212"]

1. d4 Nf6 2. c4 e6 3. Nf3 Bb4+ 4. Nbd2 b6 5. a3 Bxd2+ 6. Bxd2 Bb7 7. Bg5 d6 8.
e3 Nbd7 9. Bd3 h6 10. Bh4 c5 11. O-O g5 12. Bg3 Qe7 13. h3 Ne4 14. Bxe4 Bxe4 15.
dxc5 dxc5 16. Qa4 O-O 17. Rad1 Rfd8 18. Bc7 Nf6 19. Bxd8 Rxd8 20. Rxd8+ Qxd8 21.
Qxa7 g4 22. Ne5 1-0

[Event "AUTO-MASTER-1053"]
[Site "http://www.queenalice.com/game.php?id=840986"]
[Date "2010.10.2"]
[Round "2"]
[White "TheBigSid"]
[Black "Pumuckel"]
[Result "0-1"]
[WhiteElo "2172"]
[BlackElo "2468"]

1. d4 e6 2. c4 Bb4+ 3. Bd2 Bxd2+ 4. Qxd2 Nf6 5. Nc3 d5 6. e3 O-O 7. Nf3 Qe7 8.
Bd3 dxc4 9. Bxc4 b6 10. O-O Bb7 11. Ne5 c5 12. Be2 Rd8 13. Bf3 Bxf3 14. Nxf3 Nc6
15. Rfd1 Rac8 16. h3 Rd7 17. Qe2 cxd4 18. exd4 Qd8 19. Qe3 Nb4 20. Rac1 Rdc7 21.
Rd2 Nxa2 0-1

[Event "AUTO-MASTER-1053"]
[Site "http://www.queenalice.com/game.php?id=840987"]
[Date "2010.10.2"]
[Round "2"]
[White "Pumuckel"]
[Black "TheBigSid"]
[Result "1-0"]
[WhiteElo "2470"]
[BlackElo "2111"]

1. e4 e6 2. d4 d5 3. Nd2 Nf6 4. e5 Nfd7 5. Bd3 c5 6. c3 Nc6 7. Ne2 cxd4 8. cxd4
f6 9. exf6 Nxf6 10. O-O Bd6 11. Nf3 O-O 12. Bf4 Bxf4 13. Nxf4 Qd6 14. g3 e5 15.
dxe5 Nxe5 16. Nxe5 Qxe5 17. Qb3 b6 18. Rad1 Bb7 19. Rfe1 Qd6 20. Re6 Qc5 21. Bb5
Kh8 22. Nd3 Qc8 23. Re7 a6 24. Rc1 Qb8 25. Rcc7 axb5 26. Rxb7 Qd6 27. Ne5 1-0

[Event "AUTO-ELITE-516"]
[Site "http://www.queenalice.com/game.php?id=845715"]
[Date "2010.10.14"]
[Round "2"]
[White "Pumuckel"]
[Black "pumamercedino"]
[Result "1/2-1/2"]
[WhiteElo "2481"]
[BlackElo "2441"]

1. e4 c5 2. Nf3 e6 3. Nc3 a6 4. d4 cxd4 5. Nxd4 Qc7 6. Bd3 Nc6 7. Be3 Nf6 8. O-O
Be7 9. Qf3 O-O 10. Rad1 h6 11. Nxc6 bxc6 12. h3 Bb7 13. Bf4 e5 14. Bg3 d5 15.
Qf5 Bd6 16. exd5 cxd5 17. Bh4 Rfd8 18. Bxf6 gxf6 19. Qh7+ Kf8 20. Qxh6+ Ke7 21.
Bf5 d4 22. Ne4 Bxe4 23. Bxe4 Rab8 24. Qc1 Qb6 25. b3 Qa5 26. a4 Rh8 27. Rd3 Rh4
28. g4 Rbh8 29. Kg2 Bb4 30. Qd1 Qc7 31. Qe2 a5 32. Rfd1 Bc3 33. Rf3 Qc8 34. Qd3
Rg8 35. Rf5 Rg5 36. f4 Rxf5 37. Bxf5 Qc7 38. Rf1 Kf8 39. fxe5 Qxe5 40. Rf2 Rh8
41. Be4 Qg5 42. Bc6 Kg7 43. Bb5 Qh6 44. Rf3 Qg6 45. Qf5 Qg5 46. Rf4 Qg6 47. Bd3
1/2-1/2

[Event "AUTO-ELITE-516"]
[Site "http://www.queenalice.com/game.php?id=845716"]
[Date "2010.10.14"]
[Round "2"]
[White "pumamercedino"]
[Black "Pumuckel"]
[Result "1/2-1/2"]
[WhiteElo "2430"]
[BlackElo "2478"]

1. d4 Nf6 2. c4 e6 3. Nc3 d5 4. cxd5 exd5 5. Bg5 c6 6. Qc2 Bd6 7. e3 O-O 8. Bd3
h6 9. Bh4 Re8 10. Nge2 Na6 11. a3 b5 12. Bg3 Bxg3 13. hxg3 Qd6 14. O-O Bd7 15.
Nf4 Nc7 16. Nb1 Rec8 17. Nd2 g5 18. Ne2 Ne6 19. b4 a5 20. Qc3 Ra7 21. Nb3 axb4
22. axb4 Rca8 23. Rxa7 Rxa7 24. Na5 Ne4 25. Bxe4 dxe4 26. Qa3 1/2-1/2

[Event "AUTO-MASTER-1059"]
[Site "http://www.queenalice.com/game.php?id=856694"]
[Date "2010.11.9"]
[Round "2"]
[White "Pumuckel"]
[Black "drow"]
[Result "1-0"]
[WhiteElo "2481"]
[BlackElo "2138"]

1. e4 c5 2. Nf3 d6 3. d4 cxd4 4. Nxd4 Nf6 5. Nc3 Nc6 6. Bc4 e6 7. Be3 Be7 8. Qe2
O-O 9. O-O-O a6 10. Bb3 Qc7 11. h4 b5 12. Nxc6 Qxc6 13. f3 Bd7 14. h5 a5 15. a4
bxa4 16. Bxa4 Qb7 17. Bxd7 Nxd7 18. Qb5 Qc7 19. Qd3 Nc5 20. Bxc5 Qxc5 21. Qd4
Bg5+ 22. Kb1 Rfc8 23. Qxd6 Rab8 24. Qxc5 Rxc5 25. Rd3 Bf6 26. Nd1 Rcb5 27. c3 a4
28. f4 Be7 29. Rd4 Ra8 30. Rd7 Kf8 31. Ka2 Ke8 32. Rd3 Rab8 33. Rd4 Ra8 34. Ne3
Bc5 35. Rd3 Bxe3 36. Rxe3 Rd8 37. Re2 Rd3 38. Ka3 Rd7 39. Kxa4 Rb8 40. b4 Rd3
41. Kb3 1-0

[Event "AUTO-MASTER-1059"]
[Site "http://www.queenalice.com/game.php?id=856695"]
[Date "2010.11.9"]
[Round "2"]
[White "drow"]
[Black "Pumuckel"]
[Result "0-1"]
[WhiteElo "2132"]
[BlackElo "2480"]

1. d4 e6 2. e4 d5 3. Nc3 Bb4 4. e5 c5 5. a3 Bxc3+ 6. bxc3 Ne7 7. a4 Qc7 8. Nf3
b6 9. Bb5+ Bd7 10. Bd3 Nbc6 11. O-O c4 12. Be2 f6 13. Ba3 fxe5 14. dxe5 Nxe5 15.
Re1 N5c6 16. Nd4 O-O 17. Bg4 Nxd4 18. cxd4 Rfe8 19. Bxe6+ Bxe6 20. Rxe6 Nf5 21.
Rxe8+ Rxe8 22. Qf3 Qf7 23. c3 h6 24. Rb1 Re4 25. h3 Qe6 26. Kh2 Nh4 27. Qg3 Kh7
28. Rb5 Qf7 29. a5 Qd7 30. axb6 Qxb5 31. bxa7 Qc6 32. Qd6 Qa8 33. Bc5 Re8 34.
Qf4 Ng6 35. Qf5 Qc6 36. Qf7 Rd8 37. g3 Qf6 0-1

[Event "AUTO-MASTER-1059"]
[Site "http://www.queenalice.com/game.php?id=856696"]
[Date "2010.11.9"]
[Round "2"]
[White "Pumuckel"]
[Black "Alexandrovinsk"]
[Result "1-0"]
[WhiteElo "2480"]
[BlackElo "2040"]

1. e4 e5 2. Nf3 Nf6 3. Nxe5 d6 4. Nf3 Nxe4 5. Nc3 Nxc3 6. dxc3 Be7 7. Bd3 O-O 8.
O-O Bf6 9. Re1 Bg4 10. Qe2 Nc6 11. Qe4 1-0

[Event "AUTO-MASTER-1059"]
[Site "http://www.queenalice.com/game.php?id=856697"]
[Date "2010.11.9"]
[Round "2"]
[White "Alexandrovinsk"]
[Black "Pumuckel"]
[Result "1/2-1/2"]
[WhiteElo "2122"]
[BlackElo "2486"]

1. Nf3 Nf6 2. g3 g6 3. Bg2 Bg7 4. O-O O-O 5. d3 d6 6. c4 e5 7. h3 e4 8. Ne1 Be6
9. Nc3 Qc8 10. Kh2 exd3 11. exd3 Nc6 12. Nc2 Re8 13. Bd2 Ne5 14. Be3 Bf5 15. Ne1
c6 16. Rc1 Qc7 17. b3 Ned7 18. d4 Ne4 19. Nxe4 Bxe4 20. Bxe4 Rxe4 21. Qd3 Rae8
22. Nf3 Nf6 23. Nd2 R4e7 24. Rce1 Qa5 25. a4 d5 26. c5 Ne4 27. Nxe4 dxe4 28. Qc4
Rd7 29. Rd1 Rd5 30. Kg2 Qd8 31. b4 Qd7 32. Rd2 Rd8 33. Rfd1 Rh5 1/2-1/2

[Event "AUTO-ELITE-513"]
[Site "http://www.queenalice.com/game.php?id=904838"]
[Date "2011.2.24"]
[Round "3"]
[White "Tsol"]
[Black "Pumuckel"]
[Result "1-0"]
[WhiteElo "2587"]
[BlackElo "2476"]

1. e4 c5 2. Nf3 Nc6 3. c3 Nf6 4. d4 d5 5. exd5 Qxd5 6. Be2 e6 7. O-O cxd4 8.
cxd4 Be7 9. Nc3 Qa5 10. a3 O-O 11. Be3 Rd8 12. b4 Qc7 13. Rc1 a6 14. Qb3 h6 15.
Rc2 Bd7 16. Rfc1 Be8 17. Bd3 Rab8 18. Ne4 Nd5 19. Nc5 Rbc8 20. Be4 Bf6 21. Na4
b6 22. Nc3 Nxe3 23. fxe3 Qd6 24. Kh1 Qb8 25. Bd3 Qa7 26. Kg1 Rc7 27. Qb1 b5 28.
Ne4 Be7 29. Qb3 Qb6 30. Nc5 a5 31. Be4 Rdc8 32. g4 Nb8 33. h4 axb4 34. axb4 Qd6
35. g5 hxg5 36. hxg5 g6 37. Rf1 Nd7 38. Rh2 Bf8 39. Nd2 Be7 40. Bb7 Rxb7 41.
Nxb7 Qg3+ 42. Rg2 Qh4 43. e4 Ra8 44. Qc3 Nb6 45. Rh2 Qxg5+ 46. Kh1 Na4 47. Qh3
Qh5 48. Qd3 Qg5 49. Nf3 Qg3 50. d5 Bf6 51. dxe6 Nc3 52. Nd6 1-0

[Event "AUTO-ELITE-513"]
[Site "http://www.queenalice.com/game.php?id=904839"]
[Date "2011.2.24"]
[Round "3"]
[White "Pumuckel"]
[Black "Tsol"]
[Result "0-1"]
[WhiteElo "2482"]
[BlackElo "2581"]

1. e4 e5 2. Nf3 Nc6 3. Bb5 a6 4. Bxc6 dxc6 5. O-O Bg4 6. h3 h5 7. d3 Qf6 8. Nbd2
Ne7 9. Re1 Ng6 10. d4 Nf4 11. dxe5 Qg6 12. Nh4 Bxd1 13. Nxg6 Nxg6 14. Rxd1 O-O-O
15. e6 fxe6 16. Rf1 Ne5 17. a4 Rd4 18. Re1 Rd7 19. Nb3 Bb4 20. Rf1 b6 21. a5 b5
22. Bg5 Nc4 23. c3 Bd6 24. Rab1 h4 25. Nd4 c5 26. Nf3 Rf7 27. b3 Nxa5 28. e5 Be7
29. Ra1 Nxb3 30. Rxa6 Rh5 31. Bxe7 Rxe7 32. Rd1 Kb7 33. Ra3 c4 34. Rd8 Nc5 35.
Raa8 Na6 36. Kf1 Rf7 37. Rh8 Rxh8 38. Rxh8 Nc5 39. Rxh4 Nd3 40. Ke2 c5 41. Rg4
Kc6 42. h4 Nf4+ 43. Ke3 Nd5+ 44. Kd2 Ra7 45. Ne1 Ra2+ 46. Nc2 b4 47. cxb4 Kb5
48. bxc5 Nb4 49. Rxg7 Rxc2+ 0-1